| 000 | 00850nam a2200205Ii 4500 | ||
|---|---|---|---|
| 003 | JO-AjNU | ||
| 008 | 230605s9999||||xx |||||||||||||| ||und|| | ||
| 017 | _a1989/4/250 | ||
| 040 |
_aJO-AjNU _bara _erda _cJO-AjNU |
||
| 041 | _aara | ||
| 050 | 1 | 4 | _aHF1017.A3264.1989 |
| 100 | 3 |
_aعدس،عبدالرحمن, _eauthor _915532 |
|
| 245 | 0 | 0 | _aمبادىء الاحصاء لبرنامج الاعمال الادارية والمالية في كليات المجتمع |
| 264 | 3 | 1 | _aعمان:دار الفكر للنشر والتوزيع؛1989 |
| 300 |
_a254ص _bيحتوي على ملاحق من ص 247-252،ببلوغرافية من ص245-246 |
||
| 336 |
_atext _btxt _2rdacontent |
||
| 337 |
_aunmediated _bn _2rdamedia |
||
| 338 |
_avolume _bnc _2rdacarrier |
||
| 650 | 4 |
_a الإحصاء -- دراسة وتعليم (عالي) -- الأردن _915533 |
|
| 999 |
_aA4409 _c7977 _d7977 |
||